| 000 | 00714nam a22001337a 4500 | ||
|---|---|---|---|
| 020 | _a9508944935 | ||
| 080 | _a347.72 N 889 | ||
| 245 | _aNuevas perspectivas en el derecho Societario y el Anteproyecto de reforma a la Ley de Sociedades Comerciales | ||
| 260 |
_aBuenos Aires: _bAd- Hoc, _c2005 |
||
| 300 | _a677 P. | ||
| 650 |
_xsociedades _xpersonalidad juridica _xsociedad unipersonal _xatipicidad _xresolucion de conflictos _xarbitraje _xaportes irrevocables _xsociedades constituidas en el extranjero _xreembolso _xreceso _xresponsabilidad de administradores _xresponsabilidad de socios _xgrupos economicos _xparticipaciones societarias _xemision com prima _xcooperativa de trabajo |
||
| 942 | _6_ | ||
| 945 |
_acd _d2022-08-24 |
||
| 999 |
_c5213 _d235717 |
||